Logo BPK

Biblioteka

Politechniki Koszalińskiej

Phisics in the Twentieth Century: Selected Essays / (Rekord nr 17036)

Szczegóły MARC
000 -ETYKIETA REKORDU
podpole kontrolne o stałej długości 00343nam a2200133 i 4500
001 - NUMER KONTROLNY REKORDU
pole kontrolne bg
040 ## - ŹRÓDŁO KATALOGOWANIA
Instytucja, która utworzyła rekord BPK
041 ## - KOD JĘZYKA
Kod języka tekstu pol
008 - POLE O STAŁEJ DŁUGOŚCI - DANE KONTROLNE
podpole kontrolne o stałej długości s pl f |000 0 pol
100 1# - NAZWA OSOBOWA
Nazwa osobowa WEISSKOPF, Wictor F.
245 #0 - TYTUŁ/ODPOWIEDZIALNOŚĆ
Tytuł Phisics in the Twentieth Century: Selected Essays /
Pozostałe elementy strefy tytułu i oznaczenia odpowiedzialności Wictor F. Weisskopf.
260 ## - STREFA ADRESU WYDAWNICZEGO
Miejsce wydania Cambridge,
Data publikacji, dystrybucji/powstania dokumentu 1972.
856 ## - LOKALIZACJA I DOSTĘP DO ELEKTRONICZNYCH DOKUMENTÓW ZDALNYCH
Link (URL) http://koha.tu.koszalin.pl/cgi-bin/koha/opac-detail.pl?biblionumber=17036
Tekst linku Katalog online BPK
942 ## - DODATKOWE ELEMENTY (KOHA)
Typ dokumentu Książka
Egzemplarze
Wycofany Status egzemplarza Uszkodzony Dostępność Lokalizacja stała Lokalizacja bieżąca Miejsce przechowywania Sygnatura Kod kreskowy Typ dokumentu
      Dostępny Biblioteka Politechniki Koszalińskiej Biblioteka Politechniki Koszalińskiej Wypożyczalnia BG 21605 01697735 Książka
© 2023 Biblioteka Politechniki Koszalińskiej :: KOHA